Random Gilmore Girls Trivia - Statistics

General Stats
  • This quiz has been taken 2,891 times
  • The average score is 5 of 15
Answer Stats
Hint Answer % Correct
Dean gets married in season... four
97%
Whom does Lorelai marry? Christopher Hayden
79%
What happens at the Dance Marathon? Dean breaks up with Rory.
74%
Lane's band is called... Hep Alien
64%
What is the sorority at Chilton Rory almost becomes a member of called? The Puffs
39%
Kirk was named ____ in the second episode. Mick
23%
What does Lorelai love about her parents' Christmas party? apple tarts
20%
What doesn't Mrs Kim want Lane's kids to eat? fried shrimp
15%
Babette's surname is.. Dell
14%
A cup of coffee at Luke's costs how much? 75 cents
13%
What book does Max Medina lend Lorelai? Swann's Way
11%
Who makes the world's (almost) largest Pizza? Pete
8%
How does Michel call Sookie's child, Davey? Truman
8%
The horses in the Dragonfly Inn are called... Cletus and Desdemona
7%
Whose jacket does Tobin give Lorelai for her birthday? Joe Strummer's
4%
No matching quizzes found
Score Distribution
Percent of People with Each Score
Percentile by Number Answered
Your Score History
You have not taken this quiz